000 00567nam a2200193 a 4500
005 20231101063653.0
008 051122s2003 mx r 000 0 spa d
020 _a9685062560
035 _aUPN01000141212
049 _aCG
050 4 _aPQ7297 CH7
_bA5.7
100 1 _aChumacero, Alí,
_d1918-2010
245 1 0 _aAntología personal /
_cAlí Chumacero ; pról. Marco Antonio Campos.
260 _aMéxico :
_bSecretaría de Cultura Puebla :
_bColibrí,
_cc2003.
300 _a109 p.
440 0 _aAs de oros
650 4 _aPoesía mexicana
_91273
905 _aLibro
999 _c113359
_d113359